000 01329nam a2200421 4500
001 a4433444
003 DO-SdBNP
005 20230824103131.0
007 a4433444
008 081124s1976 sp
015 _a
017 _a
_b
020 _a8402013856
035 _a
040 _aBPMSU
_bspa
_cBPMSU
_e
082 4 _a891.623
_bG973v 1996
_222
100 _4Swiff, Jonathan
130 0 _aGulliver's travels
_lEspañol-Inglés
245 1 4 _aLos viajes de Gulliver /
_cJonathan Swiff ; traducción Ricardo acedo Lobatón ;ilustraciones Pedro Alférez Gonzáles
_h
260 _aBarcelona :
_bBruguera,
_c1976
300 _a255 p. :
_bil., ;
_c20 cm.
490 0 _aClásicos juveniles ;
_aHistoria
_v20
500 _a
500 _a
500 _a
521 _aAptas para todos los públicos
546 _aVersiones en español e inglés, con subtítulos opcionales en español e inglés
590 _6Inventariado, 2023/VM
650 4 _aNovela juvenil irlandesa
650 4 _aMitos geográficos
_vNovela
650 4 _aViajes imaginarios
_vNovela
700 1 _aAcedo Lobatón, Ricardo
_etr.
_d
700 1 _a Alférez Gonzáles, Pedro
_eil.
730 0 2 _aBetty Boop
_lEspañol
730 0 2 _aAlice in Wonderland
_lEspañol
910 _aVMateo V. Control de calidad. BPMSU
942 _2ddc
_cBK
999 _c9117
_d9117